000 02930cas a2200577 a 4500
001 000000957
005 20200929145443.0
008 761112d1967199udcuzx1 wl f a eng d
010 _a 79611725
_zsc 78001338
022 _a0012-2785
035 _a(OCoLC)ocm02554382
040 _aDO-SdBNP
_cNSDP
_dDLC
_dNST
_dDLC
_dOCoLC
_dDGPO-S
_dNSDP
_dNST
_dDLC
_dDGPO
_dNST
_dDGPO
_dNST
_dDGPO
042 _ansdp
_alc
043 _an-us---
050 0 0 _aKF18
_b.L5
060 0 _aZ 6456 D572
074 _a0807
086 0 _aLC 14.6:
222 0 _aDigest of public general bills and resolutions
245 0 0 _aDigest of public general bills and resolutions.
246 1 4 _aCRS bill digest
_f<1988>-199
260 _aWashington, D.C. :
_bLegislative Reference Service, Library of Congress :
_bFor sale by the Supt. of Docs., U.S. G.P.O.,.
300 _av. ;
_c26-28 cm.
310 _aNormally published during each session of Congress in five or more cumulative issues with bi-weekly supplementation as may be needed and a final issue at the conclusion of each session.
362 1 _aCeased with final issue for 101st Congress, 2nd session.
500 _aDescription based on: 90th Congress, 1st session, final issue, published in 1967; title from cover.
515 _aFinal issues for <100th Congress, 2nd session>-101st Congress issued in 2 or more v.
550 _aVols. for 90th-91st Congress published by: Library of Congress, Legislative Reference Service; 92nd Congress-101st Congress by: Library of Congress, Congressional Research Service.
590 _aSERBIB/SERLOC merged record
650 0 _aBills, legislative
_zUnited States
_xDigests.
_93369
710 2 0 _aLibrary of Congress.
_bLegislative Reference Service.
_93370
710 2 0 _aLibrary of Congress.
_bCongressional Research Service.
_93371
780 0 0 _tDigest of public general bills and selected resolutions with index
_x0090-0125
_w(DLC) 36026093
_w(OCoLC)5342016
890 _aUnited States. Library of Congress. Congressional Research Service. Digest of public general bills and resolutions.
_i79-611725//r853
910 _aDC
910 _aCatalogación por copia/lc
082 _a348/.73/1
906 _a7
_bcbc
_cserials
_du
_encip
_f19
_gn-oclcserc
012 _a-3-7-9501250726-p-----0
920 _aKeep 5
936 _a101st Congress, 1st session, final issue LIC
991 _bc-LL
_hKF18
_i.L5
_wSERIALS
991 _bc-LL
_hKF18
_i.L5
_p00022581788
_tCopy 4
_v4 1949 * 8888
_wCCF
991 _bc-LL
_hKF18
_i.L5
_p0001136021A
_tCopy 1
_v1965-66 * 8888
_wCCF
991 _bc-LL
_hKF18
_i.L5
_p00011360208
_tCopy 2
_v1966 * 8888
_wCCF
991 _bc-LL
_hKF18
_i.L5
_p00017279257
_tCopy 2
_v1 * 8888
_wCCF
991 _bc-LL
_hKF18
_i.L5
_p00017279245
_tCopy 2
_v2 * 8888
_wCCF
991 _br-N&CPR
_hKF18
_i.L5
_tCopy 999
_wGenBib bi 92-005289
992 _bcall x7-5305
_wSERLOC
999 _c946
_d946